| 000 | 00796nam a2200217 i 4500 | ||
|---|---|---|---|
| 001 | bg | ||
| 245 | 7 | 0 |
_aRzeźba i osady czwartorzędu Polski Środkowej : _bprzewodnik do ćwiczeń terenowych z geomorfologii i geologii czwartorzędu / _cred. nauk. Jan Dzierżek ; [aut. Krzysztof Bińka et al.]. |
| 260 |
_aWarszawa : _bWydział Geologii Uniwersytetu Warszawskiego, _c1996. |
||
| 300 |
_a63 s. : _bmapy, rys., wykr. ; _c30 cm. |
||
| 504 | _aBibliogr. przy rozdz. | ||
| 650 | 9 |
_aGeomorfologia _xczwartorzęd _zPolska |
|
| 650 | 9 | _aGeologia historyczna | |
| 655 | _aĆwiczenia i zadania | ||
| 700 | 1 |
_aDZERŻEK, Jan. _eRed. nauk |
|
| 700 | 1 | _aBIŃKA, Krzysztof. | |
| 040 | _cBPK | ||
| 041 | 0 | _apl | |
| 080 | _a551.4:551.79](438) | ||
| 942 | _cKS | ||
| 008 | s pl f |000 0 pol | ||
| 999 |
_c24583 _d24583 |
||
| 856 |
_uhttp://koha.tu.koszalin.pl/cgi-bin/koha/opac-detail.pl?biblionumber=24583 _yKatalog online BPK |
||